000 003070000a22001330004500
003 MACL
040 _aMACL
090 _c35922
_d35920
100 _aSingh, Khushwant
245 _aRanjit Singh
_bMaharaja of the Punjab
260 _bGeorge Allen & Unwin Ltd
650 _aBiography
942 _cBOOK
_k923.1/SIN
999 _c35541
_d35541